000 00311nam a2200121Ia 4500
008 190216s9999||||xx |||||||||||||| ||und||
100 _aElias Valentine
245 2 _aA Galaxy Of Short Stories
260 _bIndian Open University Books
_c1991
300 _a113p
650 _aEnglish Short Stories
942 _cBK
999 _c13571
_d13571